Hledání kořenů : regionální literatura Krnovska a její představitelé : (kompendium). II. díl, Od národního obrození do současnosti /

Hlavní autor: Martinek, Libor, 1965-
Jazyk: Čeština
Vydáno: Opava : Literature & Sciences, 2010
Témata:
Fyzický popis: 281 s. : faksim. ; 30 cm
Language note: Německé resumé
Knihy
Uloženo v:
LEADER 02315nam a2200577 a 4500
001 nkc20102126987
003 CZ PrNK
005 20110225145609.0
007 ta
008 100916s2010 xr e 001 0dcze
015 |a cnb002126987 
020 |a 978-80-904126-1-3  |q (brož.) 
035 |a (OCoLC)703548268 
040 |a OLA001  |b cze 
041 0 |a cze  |b ger 
043 |a e-xr---  |b e-xr-mo  |2 czenas 
045 |a v-y- 
072 7 |a 821.162.3.09  |x Česká literatura (o ní)  |2 Konspekt  |9 11 
080 |a 821.162.3(091)  |2 MRF 
080 |a 82-027.541  |2 MRF 
080 |a 821.112.2  |2 MRF 
080 |a 82:316.347  |2 MRF 
080 |a (437.326)  |2 MRF 
080 |a (048.8)  |2 MRF 
100 1 |a Martinek, Libor,  |d 1965-  |7 mzk2002106085  |4 aut 
245 1 0 |a Hledání kořenů :  |b regionální literatura Krnovska a její představitelé : (kompendium).  |n II. díl,  |p Od národního obrození do současnosti /  |c Libor Martinek 
246 3 0 |a Od národního obrození do současnosti 
246 3 0 |a Regionální literatura Krnovska a její představitelé 
246 3 0 |a Literatura Krnovska a její představitelé 
260 |a Opava :  |b Literature & Sciences,  |c 2010 
300 |a 281 s. :  |b faksim. ;  |c 30 cm 
504 |a Obsahuje bibliografii, bibliografické odkazy a rejstřík 
546 |a Německé resumé 
648 7 |a 18.-21. století  |7 ch757020  |2 czenas 
650 0 7 |a dějiny české literatury  |7 ph483973  |y 18.-21. stol.  |2 czenas 
650 0 7 |a regionální literatura  |7 ph125079  |z Česko  |y 18.-21. stol.  |2 czenas 
650 0 7 |a německy psaná literatura  |7 ph123460  |z Česko  |2 czenas 
650 0 7 |a národní identita v literatuře  |7 ph241940  |z Česko  |2 czenas 
650 0 9 |a history of Czech literature  |y 18th-21st centuries  |2 eczenas 
650 0 9 |a regional literature  |z Czechia  |y 18th-21st centuries  |2 eczenas 
650 0 9 |a literature in German  |z Czechia  |2 eczenas 
650 0 9 |a national identity in literature  |z Czechia  |2 eczenas 
655 7 |a studie  |7 fd133597  |2 czenas 
655 9 |a studies  |2 eczenas 
651 7 |a Krnov (Česko : oblast)  |7 ge129680  |2 czenas 
651 9 |a Krnov Region (Czechia)  |2 eczenas 
910 2 |a BOA001  |b 4-1229.615,2 
990 |a BK 
995 |a 01 
991 |b 201101  |c NOV  |e n 
996 6 |b 2610456897  |c 4-1229.615,2  |l MZK  |r Sklad / do 1 hodiny  |n 3  |p p.v.  |w 001162122  |u 000010  |a 1  |e BOA001  |j MZK50  |s P